[Event "Semiahmoo op Premier"]
[Site "White Rock CAN"]
[Date "2017.08.05"]
[Round "1.7"]
[White "Sadoughian-Zadeh, Farshad"]
[Black "James, Rowan"]
[Result "1-0"]
[WhiteElo "2130"]
[BlackElo "1938"]
[WhiteFideId "-1"]
[WhiteFideId "-1"]
[PlyCount "61"]
[GameId "2160767908347554"]
[EventDate "2017.08.05"]
[EventType "swiss"]
[EventRounds "6"]
[EventCountry "CAN"]
[SourceTitle "EXT 2022"]
[Source "ChessBase"]
[SourceDate "2021.10.06"]
[SourceVersion "1"]
[SourceVersionDate "2021.10.06"]
[SourceQuality "1"]

1. d4 d5 2. c4 e6 3. Nc3 Nf6 4. cxd5 exd5 5. Bg5 Be7 6. Qc2 c6 7. e3 O-O 8. Bd3 Nbd7 9. Nge2 Re8 10. O-O Ne4 11. Bxe7 Qxe7 12. Rae1 Ndf6 13. f3 Nxc3 14. Nxc3 Qd6 15. Qf2 Be6 16. Bb1 Rad8 17. Rd1 Bc8 18. e4 dxe4 19. fxe4 Qc7 20. e5 Ng4 21. Qg3 Qb6 22. Qf4 Re7 23. h3 Nxe5 24. Na4 Qc7 25. dxe5 Rxd1 26. Rxd1 f6 27. Qh4 g5 28. Qh6 Qxe5 29. Rd8+ Kf7 30. Qf8+ Ke6 31. Qg8+ 1-0

[Event "Semiahmoo op Premier"]
[Site "White Rock CAN"]
[Date "2017.08.05"]
[Round "1.8"]
[White "Tian, Sherry"]
[Black "Patterson, Roger"]
[Result "0-1"]
[WhiteElo "1910"]
[BlackElo "2107"]
[WhiteFideId "-1"]
[WhiteFideId "-1"]
[PlyCount "76"]
[GameId "2160767908347555"]
[EventDate "2017.08.05"]
[EventType "swiss"]
[EventRounds "6"]
[EventCountry "CAN"]
[SourceTitle "EXT 2022"]
[Source "ChessBase"]
[SourceDate "2021.10.06"]
[SourceVersion "1"]
[SourceVersionDate "2021.10.06"]
[SourceQuality "1"]

1. d4 d5 2. c4 c6 3. Nc3 dxc4 4. e3 b5 5. a4 b4 6. Na2 e6 7. Bxc4 Nf6 8. Nf3 Be7 9. O-O O-O 10. Bd2 a5 11. Nc1 Nbd7 12. Nd3 c5 13. Qe2 Bb7 14. dxc5 Nxc5 15. Nd4 Nce4 16. Rac1 Qb6 17. f3 Nxd2 18. Qxd2 Rfd8 19. Qf2 Bf8 20. Rfd1 Rac8 21. Bb5 Rxc1 22. Rxc1 Nd5 23. Bc6 Nxe3 24. Qxe3 Bxc6 25. Rxc6 Qxd4 26. Qxd4 Rxd4 27. Nc1 Rd1+ 28. Kf2 Rd2+ 29. Kg3 Rxb2 30. Ra6 Rb1 31. Nd3 Rd1 32. Nb2 Rd5 33. Nc4 g6 34. Nxa5 Bd6+ 35. Kf2 Bxh2 36. Nc6 Rd2+ 37. Kf1 b3 38. Rb6 b2 0-1

[Event "Semiahmoo op Premier"]
[Site "White Rock CAN"]
[Date "2017.08.05"]
[Round "2.3"]
[White "Doknjas, Joshua"]
[Black "Roback, Joe"]
[Result "1-0"]
[WhiteElo "2203"]
[BlackElo "2053"]
[WhiteFideId "-1"]
[WhiteFideId "-1"]
[PlyCount "135"]
[GameId "2160767908347558"]
[EventDate "2017.08.05"]
[EventType "swiss"]
[EventRounds "6"]
[EventCountry "CAN"]
[SourceTitle "EXT 2022"]
[Source "ChessBase"]
[SourceDate "2021.10.06"]
[SourceVersion "1"]
[SourceVersionDate "2021.10.06"]
[SourceQuality "1"]

1. e4 c5 2. Nf3 d6 3. d4 cxd4 4. Nxd4 Nf6 5. Nc3 a6 6. h3 e5 7. Nde2 Be6 8. g4 Be7 9. Bg2 Nc6 10. Ng3 g6 11. Be3 Rc8 12. Qd2 h5 13. g5 Nd7 14. h4 b5 15. Nd5 O-O 16. b3 Re8 17. Nxe7+ Nxe7 18. Rd1 Rc6 19. O-O Qc7 20. c3 Rc8 21. Ne2 Bg4 22. f3 Be6 23. f4 Bg4 24. f5 Bxe2 25. Qxe2 Rxc3 26. Bh3 Rd8 27. Rc1 Rxc1 28. Bxc1 Nf8 29. Qf3 Nc6 30. Be3 Qb7 31. Rc1 Ne7 32. Rf1 Nc6 33. fxg6 fxg6 34. Rc1 Re8 35. Qf6 Qc7 36. Rd1 Rd8 37. Be6+ Nxe6 38. Qxe6+ Kg7 39. Rc1 Rf8 40. Rd1 Nd4 41. Bxd4 exd4 42. Qd5 Qc5 43. Qxd4+ Kf7 44. Qxc5 dxc5 45. Kf2 Ke6+ 46. Ke3 Rc8 47. Rf1 Rc6 48. Rf6+ Kd7 49. e5 a5 50. Ke4 c4 51. Rxc6 Kxc6 52. bxc4 bxc4 53. Kd4 c3 54. Kxc3 Kd5 55. a4 Kxe5 56. Kc4 Ke4 57. Kb5 Kd5 58. Kxa5 Kc5 59. Ka6 Kd6 60. Kb6 Ke5 61. a5 Kf5 62. a6 Kg4 63. a7 Kxh4 64. a8=Q Kxg5 65. Qg2+ Kf5 66. Kc5 g5 67. Qf3+ Kg6 68. Kd5 1-0

[Event "Semiahmoo op Premier"]
[Site "White Rock CAN"]
[Date "2017.08.05"]
[Round "2.4"]
[White "Doknjas, Neil"]
[Black "Sadoughian-Zadeh, Farshad"]
[Result "1-0"]
[WhiteElo "1866"]
[BlackElo "2130"]
[WhiteFideId "-1"]
[WhiteFideId "-1"]
[PlyCount "103"]
[GameId "2160767908347559"]
[EventDate "2017.08.05"]
[EventType "swiss"]
[EventRounds "6"]
[EventCountry "CAN"]
[SourceTitle "EXT 2022"]
[Source "ChessBase"]
[SourceDate "2021.10.06"]
[SourceVersion "1"]
[SourceVersionDate "2021.10.06"]
[SourceQuality "1"]

1. e4 e6 2. d4 d5 3. Nc3 Nf6 4. Bg5 Be7 5. e5 Nfd7 6. Bxe7 Qxe7 7. f4 a6 8. Nf3 c5 9. dxc5 Nxc5 10. Qd2 Nc6 11. a3 b5 12. b4 Nd7 13. Qe3 O-O 14. Bd3 f6 15. O-O f5 16. Ne2 Rb8 17. Ned4 Bb7 18. Nxc6 Bxc6 19. Nd4 Rfc8 20. Qh3 Nb6 21. Nxe6 Qxe6 22. Bxf5 Qh6 23. Be6+ Kh8 24. Bxc8 Rxc8 25. Qxh6 gxh6 26. f5 Nc4 27. e6 Be8 28. f6 Bg6 29. a4 Ne3 30. Rf3 Nxc2 31. f7 Kg7 32. Raf1 Kf8 33. e7+ Kxe7 34. f8=Q+ Rxf8 35. Rxf8 bxa4 36. Rb8 Bd3 37. Rd1 Bc4 38. Rc1 Nd4 39. Ra1 Nc2 40. Rxa4 d4 41. Rc8 Bb3 42. Rxa6 d3 43. Ra7+ Ke6 44. Rd8 Bc4 45. Rc7 Bd5 46. Rxc2 dxc2 47. Rc8 Be4 48. Kf2 Kd6 49. b5 Bd3 50. b6 Be4 51. Ke3 Bc6 52. Kd2 1-0

[Event "Semiahmoo op Premier"]
[Site "White Rock CAN"]
[Date "2017.08.05"]
[Round "2.5"]
[White "Doknjas, John"]
[Black "Su, Michael"]
[Result "1-0"]
[WhiteElo "2278"]
[BlackElo "1984"]
[WhiteFideId "-1"]
[WhiteFideId "-1"]
[PlyCount "43"]
[GameId "2160767908347560"]
[EventDate "2017.08.05"]
[EventType "swiss"]
[EventRounds "6"]
[EventCountry "CAN"]
[SourceTitle "EXT 2022"]
[Source "ChessBase"]
[SourceDate "2021.10.06"]
[SourceVersion "1"]
[SourceVersionDate "2021.10.06"]
[SourceQuality "1"]

1. d4 e6 2. c4 f5 3. g3 Nf6 4. Bg2 Be7 5. Nh3 O-O 6. O-O d6 7. b3 e5 8. Bb2 exd4 9. Qxd4 Nc6 10. Qc3 Ne8 11. Nf4 Bf6 12. Qd2 Bxb2 13. Qxb2 Nf6 14. Nc3 Bd7 15. b4 Qc8 16. Rac1 a5 17. b5 Ne5 18. c5 Kh8 19. Ncd5 Nxd5 20. Nxd5 c6 21. cxd6 Nf7 22. Nb6 1-0

[Event "Semiahmoo op Premier"]
[Site "White Rock CAN"]
[Date "2017.08.05"]
[Round "2.6"]
[White "Li, James1"]
[Black "McLaren, Brian"]
[Result "1-0"]
[WhiteElo "2051"]
[BlackElo "2167"]
[WhiteFideId "-1"]
[WhiteFideId "-1"]
[PlyCount "71"]
[GameId "2160767740789151"]
[EventDate "2017.08.05"]
[EventType "swiss"]
[EventRounds "6"]
[EventCountry "CAN"]
[SourceTitle "EXT 2022"]
[Source "ChessBase"]
[SourceDate "2021.10.06"]
[SourceVersion "1"]
[SourceVersionDate "2021.10.06"]
[SourceQuality "1"]

1. c4 c5 2. Nc3 Nf6 3. g3 e6 4. Bg2 d5 5. b3 Nc6 6. e3 d4 7. exd4 cxd4 8. Nb1 e5 9. d3 Bf5 10. a3 a5 11. Nf3 Be7 12. O-O O-O 13. Re1 Nd7 14. h3 Qc7 15. Bf1 Nc5 16. Ra2 Rfe8 17. Rb2 Kf8 18. b4 axb4 19. axb4 Na4 20. Ra2 Bxb4 21. Rxa4 Bxe1 22. Nxe1 Qd7 23. Kh2 f6 24. Rxa8 Rxa8 25. Na3 g6 26. Bg2 Kg7 27. Qb3 Be6 28. Nec2 f5 29. Bb2 g5 30. f4 gxf4 31. gxf4 Rg8 32. Nb5 Kh8 33. Ne1 Qg7 34. Qd1 Qg3+ 35. Kh1 Qxf4 36. Qe2 {Time.} 1-0

[Event "Semiahmoo op Premier"]
[Site "White Rock CAN"]
[Date "2017.08.05"]
[Round "2.7"]
[White "Ferguson, Peter"]
[Black "Hiebert, Kenji"]
[Result "0-1"]
[WhiteElo "2143"]
[BlackElo "2031"]
[WhiteFideId "-1"]
[WhiteFideId "-1"]
[PlyCount "86"]
[GameId "2160767908347561"]
[EventDate "2017.08.05"]
[EventType "swiss"]
[EventRounds "6"]
[EventCountry "CAN"]
[SourceTitle "EXT 2022"]
[Source "ChessBase"]
[SourceDate "2021.10.06"]
[SourceVersion "1"]
[SourceVersionDate "2021.10.06"]
[SourceQuality "1"]

1. e4 c5 2. b4 cxb4 3. a3 d5 4. e5 Nc6 5. Nf3 Bg4 6. axb4 e6 7. c3 Nxe5 8. Qa4+ Nd7 9. Ne5 Ngf6 10. d4 Bd6 11. Bg5 Bxe5 12. dxe5 h6 13. Be3 Ng8 14. Bb5 a6 15. O-O Rc8 16. Bd3 Ne7 17. b5 Bf5 18. Be2 axb5 19. Bxb5 Nc6 20. Nd2 Ncxe5 21. Nf3 Nxf3+ 22. gxf3 e5 23. Qb4 Qe7 24. Bxd7+ Bxd7 25. Qxb7 O-O 26. Ra7 Rcd8 27. Qxd5 Bh3 28. Rxe7 Rxd5 29. Re1 Rfd8 30. Bb6 R8d6 31. Bc7 Rg6+ 32. Kh1 Rd2 33. Bxe5 Rxf2 34. Bg3 Rxf3 35. c4 Rc3 36. Rc7 Be6 37. c5 h5 38. Rd1 h4 39. Be1 Rc1 40. Rd8+ Kh7 41. h3 Rxe1+ 42. Kh2 Re2+ 43. Kh1 Bf5 0-1

[Event "Semiahmoo op Premier"]
[Site "White Rock CAN"]
[Date "2017.08.05"]
[Round "2.8"]
[White "North, Robert"]
[Black "Tian, Sherry"]
[Result "1-0"]
[WhiteElo "2069"]
[BlackElo "1910"]
[WhiteFideId "-1"]
[WhiteFideId "-1"]
[PlyCount "69"]
[GameId "2160767908347562"]
[EventDate "2017.08.05"]
[EventType "swiss"]
[EventRounds "6"]
[EventCountry "CAN"]
[SourceTitle "EXT 2022"]
[Source "ChessBase"]
[SourceDate "2021.10.06"]
[SourceVersion "1"]
[SourceVersionDate "2021.10.06"]
[SourceQuality "1"]

1. c4 e5 2. Nc3 Nf6 3. Nf3 Nc6 4. e3 d5 5. cxd5 Nxd5 6. d4 exd4 7. exd4 Bb4 8. Bd2 O-O 9. Be2 Bg4 10. O-O Re8 11. Re1 Qd7 12. a3 Nxc3 13. bxc3 Be7 14. h3 Bh5 15. a4 Bf6 16. Rb1 Rab8 17. Ne5 Nxe5 18. Bxh5 Nc4 19. Rxe8+ Qxe8 20. Bf4 Qe7 21. Bf3 Nd6 22. a5 b6 23. Qd3 Qd7 24. c4 Nxc4 25. Qxc4 Qf5 26. Qc1 Bxd4 27. axb6 axb6 28. Bg3 Re8 29. Rb4 Bc5 30. Rc4 Re7 31. Ra4 h6 32. Ra8+ Kh7 33. Bg4 Qd3 34. Qf4 Re1+ 35. Kh2 1-0

[Event "Semiahmoo op Premier"]
[Site "White Rock CAN"]
[Date "2017.08.06"]
[Round "3.3"]
[White "Sadoughian-Zadeh, Farshad"]
[Black "Patterson, Roger"]
[Result "0-1"]
[WhiteElo "2130"]
[BlackElo "2107"]
[WhiteFideId "-1"]
[WhiteFideId "-1"]
[PlyCount "100"]
[GameId "2160767908347565"]
[EventDate "2017.08.05"]
[EventType "swiss"]
[EventRounds "6"]
[EventCountry "CAN"]
[SourceTitle "EXT 2022"]
[Source "ChessBase"]
[SourceDate "2021.10.06"]
[SourceVersion "1"]
[SourceVersionDate "2021.10.06"]
[SourceQuality "1"]

1. d4 d5 2. c4 c6 3. Nf3 Nf6 4. g3 Bf5 5. Bg2 e6 6. O-O h6 7. Nc3 Be7 8. Re1 O-O 9. Bf4 Nbd7 10. h3 Ne4 11. Qc1 Re8 12. g4 Bh7 13. a3 Nxc3 14. Qxc3 Be4 15. Rad1 Rc8 16. c5 g5 17. Bh2 f5 18. Bf1 fxg4 19. hxg4 Rf8 20. Nd2 Nf6 21. f3 Bg6 22. Bh3 Qd7 23. Qe3 Rce8 24. Rf1 Rf7 25. f4 Ne4 26. Nf3 Bf6 27. fxg5 Nxg5 28. Bg2 e5 29. Nxe5 Bxe5 30. Bxe5 Qxg4 31. Rxf7 Nxf7 32. Rf1 Nxe5 33. dxe5 Qg5 34. Qh3 Qxe5 35. Rf3 Kg7 36. e3 Re7 37. b4 Qe6 38. Qh4 b6 39. Bh3 Qe4 40. Qf6+ Kh7 41. Bg2 Qe6 42. Qd4 bxc5 43. bxc5 Be4 44. Rg3 Bxg2 45. Kxg2 Qe4+ 46. Kf2 Rf7+ 47. Kg1 Qxd4 48. exd4 Rg7 49. Kf2 Rxg3 50. Kxg3 Kg6 0-1

[Event "Semiahmoo op Premier"]
[Site "White Rock CAN"]
[Date "2017.08.06"]
[Round "3.5"]
[White "James, Rowan"]
[Black "Doknjas, John"]
[Result "0-1"]
[WhiteElo "1938"]
[BlackElo "2278"]
[WhiteFideId "-1"]
[WhiteFideId "-1"]
[PlyCount "108"]
[GameId "2160767908347567"]
[EventDate "2017.08.05"]
[EventType "swiss"]
[EventRounds "6"]
[EventCountry "CAN"]
[SourceTitle "EXT 2022"]
[Source "ChessBase"]
[SourceDate "2021.10.06"]
[SourceVersion "1"]
[SourceVersionDate "2021.10.06"]
[SourceQuality "1"]

1. e4 c5 2. c3 d5 3. exd5 Qxd5 4. d4 Nf6 5. Nf3 Bg4 6. Be2 e6 7. O-O Nc6 8. h3 Bh5 9. Re1 cxd4 10. cxd4 Be7 11. Nc3 Qd6 12. Be3 O-O 13. Qd2 Rac8 14. Rad1 Nd5 15. Nxd5 Qxd5 16. a3 Na5 17. Ne5 Bxe2 18. Qxe2 Nc4 19. Nxc4 Rxc4 20. Rc1 Rfc8 21. Qd2 Rxc1 22. Rxc1 Rd8 23. Qc3 h6 24. Qc7 Bf6 25. b4 a6 26. Qb6 Rd6 27. Qa7 Rd7 28. Qc5 Bxd4 29. Bxd4 Qxd4 30. Qxd4 Rxd4 31. Rc8+ Kh7 32. Rc7 Kg6 33. Rxb7 Rd1+ 34. Kh2 Ra1 35. Ra7 Rxa3 36. b5 a5 37. b6 Rb3 38. b7 a4 39. g3 a3 40. h4 f6 41. Rxa3 Rxb7 42. Re3 e5 43. Kg2 Rb2 44. Kf3 Rb1 45. Ke4 Ra1 46. Kf3 Rd1 47. Re2 Rd3+ 48. Re3 Rxe3+ 49. fxe3 f5 50. g4 fxg4+ 51. Kxg4 h5+ 52. Kf3 Kf5 53. e4+ Kf6 54. Kg3 g5 0-1

[Event "Semiahmoo op Premier"]
[Site "White Rock CAN"]
[Date "2017.08.06"]
[Round "3.6"]
[White "Su, Michael"]
[Black "North, Robert"]
[Result "1-0"]
[WhiteElo "1984"]
[BlackElo "2069"]
[WhiteFideId "-1"]
[WhiteFideId "-1"]
[PlyCount "99"]
[GameId "2160767908347568"]
[EventDate "2017.08.05"]
[EventType "swiss"]
[EventRounds "6"]
[EventCountry "CAN"]
[SourceTitle "EXT 2022"]
[Source "ChessBase"]
[SourceDate "2021.10.06"]
[SourceVersion "1"]
[SourceVersionDate "2021.10.06"]
[SourceQuality "1"]

1. d4 Nf6 2. c4 g6 3. f3 Bg7 4. e4 d6 5. Ne2 O-O 6. Be3 Nbd7 7. Qd2 c5 8. d5 Re8 9. Nec3 a6 10. Be2 e6 11. a4 exd5 12. cxd5 b6 13. O-O Ne5 14. h3 Rb8 15. Qc2 Qe7 16. Nd2 Bb7 17. Rfe1 h6 18. f4 Ned7 19. Bd3 Qf8 20. Nf3 Qe7 21. Bf2 Qd8 22. Bc4 Nh5 23. Qd2 Qf6 24. Be3 Ng3 25. Bf2 Nh5 26. Be3 Qd8 27. Bf2 Qc7 28. g4 Bxc3 29. bxc3 Nhf6 30. Bd3 c4 31. Bc2 Nc5 32. Qd4 Qe7 33. Qxc4 Ncxe4 34. g5 Bxd5 35. Qd4 Qb7 36. gxf6 Nxf2 37. Qxf2 Bxf3 38. Qh4 Kh7 39. f5 g5 40. Qg3 Be4 41. Bxe4 Rxe4 42. Qxd6 Rbe8 43. Rxe4 Qxe4 44. Qxb6 Qxf5 45. Qxa6 Qxh3 46. Qc4 Kg6 47. Rf1 Qe3+ 48. Rf2 Re4 49. Qc8 h5 50. Qg8+ 1-0

[Event "Semiahmoo op Premier"]
[Site "White Rock CAN"]
[Date "2017.08.06"]
[Round "3.7"]
[White "Roback, Joe"]
[Black "Li, James1"]
[Result "0-1"]
[WhiteElo "2053"]
[BlackElo "2051"]
[WhiteFideId "-1"]
[WhiteFideId "-1"]
[PlyCount "94"]
[GameId "2160767908347569"]
[EventDate "2017.08.05"]
[EventType "swiss"]
[EventRounds "6"]
[EventCountry "CAN"]
[SourceTitle "EXT 2022"]
[Source "ChessBase"]
[SourceDate "2021.10.06"]
[SourceVersion "1"]
[SourceVersionDate "2021.10.06"]
[SourceQuality "1"]

1. e4 c5 2. Nc3 d6 3. Nge2 a6 4. d4 cxd4 5. Nxd4 Nf6 6. Be3 e5 7. Nb3 Be7 8. f3 Be6 9. Qd2 O-O 10. g4 a5 11. Bb5 Na6 12. O-O-O Nc7 13. Bb6 Qc8 14. g5 Nd7 15. Bxd7 Qxd7 16. Nxa5 Ra6 17. Bxc7 Qxc7 18. Nb3 Rc8 19. Kb1 b5 20. Nxb5 Qb7 21. Nc3 Bc4 22. h4 Qa8 23. h5 d5 24. Nxd5 Bf8 25. a3 Qb8 26. h6 g6 27. Nf6+ Kh8 28. Nd7 Qb5 29. Qc3 Re6 30. Nxf8 Rxf8 31. f4 Rfe8 32. Nd2 Rc6 33. Nf3 Ba2+ 34. Kxa2 Rxc3 35. bxc3 Qc4+ 36. Kb2 Rb8+ 37. Kc1 Qxe4 38. Nd2 Qxf4 39. Rhg1 Qe3 40. Rde1 Qxc3 41. Nb1 Qb2+ 42. Kd2 Rd8+ 43. Ke3 Qd4+ 44. Kf3 Qf4+ 45. Ke2 Qe4+ 46. Kf2 Qxc2+ 47. Re2 Qf5+ 0-1

[Event "Semiahmoo op Premier"]
[Site "White Rock CAN"]
[Date "2017.08.06"]
[Round "3.8"]
[White "McLaren, Brian"]
[Black "Ferguson, Peter"]
[Result "1-0"]
[WhiteElo "2167"]
[BlackElo "2143"]
[WhiteFideId "-1"]
[WhiteFideId "-1"]
[PlyCount "119"]
[GameId "2160767908347570"]
[EventDate "2017.08.05"]
[EventType "swiss"]
[EventRounds "6"]
[EventCountry "CAN"]
[SourceTitle "EXT 2022"]
[Source "ChessBase"]
[SourceDate "2021.10.06"]
[SourceVersion "1"]
[SourceVersionDate "2021.10.06"]
[SourceQuality "1"]

1. e4 e5 2. Bc4 Bc5 3. Nf3 d6 4. c3 Nf6 5. Qe2 Bg4 6. d3 O-O 7. Bg5 c6 8. Nbd2 Re8 9. Bb3 h6 10. Bh4 g5 11. Bg3 d5 12. h3 Bh5 13. h4 Nbd7 14. hxg5 hxg5 15. O-O-O Nf8 16. Rh2 Ng6 17. Rdh1 Bg4 18. Qf1 Bxf3 19. Nxf3 a5 20. Nxe5 a4 21. Bc2 d4 22. Nxg6 fxg6 23. Qd1 dxc3 24. Bxa4 cxb2+ 25. Kb1 Kg7 26. e5 Nh5 27. Bb3 Ra3 28. Kxb2 Bd4+ 29. Kb1 Qb6 30. Qc2 Qa7 31. e6 b5 32. Re1 Nxg3 33. fxg3 Be5 34. Rxe5 Qg1+ 35. Kb2 b4 36. Re2 Qxh2 37. Qxc6 Qh8 38. d4 Kh6 39. Qe4 Qf6 40. Qe5 Qf1 41. g4 Rea8 42. g3 Rxb3+ 43. Kxb3 Qb1+ 44. Kc4 Qc1+ 45. Kb5 Qf1 46. Kb6 Qg1 47. e7 Re8 48. Qf6 b3 49. Qf8+ Kh7 50. Qxe8 Qxd4+ 51. Kc7 Qc4+ 52. Kd8 Qxe2 53. Qf7+ Kh6 54. e8=Q Qd2+ 55. Qfd7 Qa5+ 56. Ke7 Qe1+ 57. Kf8 Qc3 58. Kg8 Qc4+ 59. Qdf7 Qxf7+ 60. Qxf7 1-0

[Event "Semiahmoo op Premier"]
[Site "White Rock CAN"]
[Date "2017.08.06"]
[Round "4.2"]
[White "Patterson, Roger"]
[Black "Su, Michael"]
[Result "1/2-1/2"]
[WhiteElo "2107"]
[BlackElo "1984"]
[WhiteFideId "-1"]
[WhiteFideId "-1"]
[PlyCount "95"]
[GameId "2160767908347572"]
[EventDate "2017.08.05"]
[EventType "swiss"]
[EventRounds "6"]
[EventCountry "CAN"]
[SourceTitle "EXT 2022"]
[Source "ChessBase"]
[SourceDate "2021.10.06"]
[SourceVersion "1"]
[SourceVersionDate "2021.10.06"]
[SourceQuality "1"]

1. e4 c5 2. Nf3 e6 3. d4 cxd4 4. Nxd4 Nc6 5. Nc3 Qc7 6. Be2 a6 7. O-O Nf6 8. Be3 Bb4 9. Nxc6 bxc6 10. Na4 Be7 11. Bd3 c5 12. c4 Bb7 13. Nc3 d6 14. f4 Nd7 15. Be2 Bf6 16. Qd3 Rd8 17. Bf3 Nb8 18. Rae1 Nc6 19. Bd1 O-O 20. Bd2 Bd4+ 21. Kh1 Ne7 22. Bc2 f5 23. exf5 exf5 24. Bd1 d5 25. cxd5 Nxd5 26. Bb3 Kh8 27. Nxd5 Bxd5 28. Bxd5 Rxd5 29. Qc4 Rd6 30. Bc3 Qb7 31. Re6 Rxe6 32. Qxe6 Qc8 33. Re1 Bxc3 34. bxc3 g6 35. Qe5+ Kg8 36. Qd5+ Rf7 37. Re7 Qf8 38. Rd7 Kg7 39. Qe5+ Kh6 40. Rxf7 Qxf7 41. Qxc5 Qxa2 42. h3 Qb1+ 43. Kh2 Qb8 44. Kg3 Qd8 45. c4 a5 46. Qe3 a4 47. c5 Qd5 48. Kf2 1/2-1/2

[Event "Semiahmoo op Premier"]
[Site "White Rock CAN"]
[Date "2017.08.06"]
[Round "4.3"]
[White "Doknjas, John"]
[Black "Doknjas, Neil"]
[Result "1/2-1/2"]
[WhiteElo "2278"]
[BlackElo "1866"]
[WhiteFideId "-1"]
[WhiteFideId "-1"]
[PlyCount "80"]
[GameId "2160767908347573"]
[EventDate "2017.08.05"]
[EventType "swiss"]
[EventRounds "6"]
[EventCountry "CAN"]
[SourceTitle "EXT 2022"]
[Source "ChessBase"]
[SourceDate "2021.10.06"]
[SourceVersion "1"]
[SourceVersionDate "2021.10.06"]
[SourceQuality "1"]

1. d4 d5 2. c4 e6 3. Nc3 Nf6 4. cxd5 exd5 5. Bg5 Be7 6. e3 O-O 7. Bd3 c6 8. Qc2 Nbd7 9. Nf3 Re8 10. h3 Nf8 11. Bf4 Ng6 12. Bh2 Bd6 13. Bxd6 Qxd6 14. O-O-O b5 15. Kb1 a5 16. g4 a4 17. g5 Nd7 18. h4 Nb6 19. h5 Bg4 20. hxg6 Bxf3 21. gxf7+ Kxf7 22. g6+ hxg6 23. Rdg1 Bxh1 24. Bxg6+ Ke7 25. Bxe8 Rxe8 26. Rxh1 Rf8 27. Rg1 Rf7 28. f4 Nc4 29. e4 Qxf4 30. exd5 Qe3 31. Qh2 Qd3+ 32. Kc1 Rf1+ 33. Rxf1 Qxf1+ 34. Nd1 cxd5 35. Qc7+ Ke6 36. Qxg7 Qf4+ 37. Kb1 Qf5+ 38. Kc1 Qf4+ 39. Kb1 Qf5+ 40. Kc1 Qf4+ 1/2-1/2

[Event "Semiahmoo op Premier"]
[Site "White Rock CAN"]
[Date "2017.08.06"]
[Round "4.4"]
[White "Li, James1"]
[Black "Hiebert, Kenji"]
[Result "0-1"]
[WhiteElo "2051"]
[BlackElo "2031"]
[WhiteFideId "-1"]
[WhiteFideId "-1"]
[PlyCount "64"]
[GameId "2160767908347574"]
[EventDate "2017.08.05"]
[EventType "swiss"]
[EventRounds "6"]
[EventCountry "CAN"]
[SourceTitle "EXT 2022"]
[Source "ChessBase"]
[SourceDate "2021.10.06"]
[SourceVersion "1"]
[SourceVersionDate "2021.10.06"]
[SourceQuality "1"]

1. c4 c5 2. b3 e6 3. Bb2 Nf6 4. g3 d5 5. e3 Nc6 6. Bg2 d4 7. exd4 cxd4 8. Nf3 e5 9. O-O Bd6 10. a3 a5 11. d3 O-O 12. Nbd2 Re8 13. Ng5 Bf5 14. Nge4 Nxe4 15. Nxe4 Bf8 16. Bc1 Qd7 17. Bd2 Bh3 18. Rb1 Bxg2 19. Kxg2 f5 20. Ng5 Bxa3 21. Qh5 h6 22. h4 hxg5 23. hxg5 Kf8 24. g6 Ke7 25. Qg5+ Kd6 26. f4 e4 27. dxe4 Rxe4 28. g4 Rf8 29. Rf2 Kc7 30. Rd1 Qe6 31. Kf1 Bb4 32. Bxb4 axb4 0-1

[Event "Semiahmoo op Premier"]
[Site "White Rock CAN"]
[Date "2017.08.06"]
[Round "4.7"]
[White "North, Robert"]
[Black "McLaren, Brian"]
[Result "0-1"]
[WhiteElo "2069"]
[BlackElo "2167"]
[WhiteFideId "-1"]
[WhiteFideId "-1"]
[PlyCount "56"]
[GameId "2160767908347577"]
[EventDate "2017.08.05"]
[EventType "swiss"]
[EventRounds "6"]
[EventCountry "CAN"]
[SourceTitle "EXT 2022"]
[Source "ChessBase"]
[SourceDate "2021.10.06"]
[SourceVersion "1"]
[SourceVersionDate "2021.10.06"]
[SourceQuality "1"]

1. c4 f5 2. Nf3 Nf6 3. Nc3 e6 4. g3 d5 5. d4 c6 6. Bg2 Bd6 7. O-O O-O 8. b3 Qe7 9. Ne5 Nbd7 10. f4 Kh8 11. Bb2 Rg8 12. Qd2 Bc7 13. Ba3 Qe8 14. Rac1 Bd8 15. b4 Nxe5 16. dxe5 Ng4 17. h3 Nh6 18. b5 Bd7 19. bxc6 bxc6 20. cxd5 Bb6+ 21. e3 cxd5 22. Ne2 Bb5 23. Rfe1 Bxe2 24. Qxe2 Qa4 25. Bc5 Rgc8 26. Bd6 Nf7 27. Be7 Kg8 28. g4 Qxf4 0-1

[Event "Semiahmoo op Premier"]
[Site "White Rock CAN"]
[Date "2017.08.06"]
[Round "4.8"]
[White "Tian, Sherry"]
[Black "Sadoughian-Zadeh, Farshad"]
[Result "1-0"]
[WhiteElo "1910"]
[BlackElo "2130"]
[WhiteFideId "-1"]
[WhiteFideId "-1"]
[PlyCount "133"]
[GameId "2160767908347578"]
[EventDate "2017.08.05"]
[EventType "swiss"]
[EventRounds "6"]
[EventCountry "CAN"]
[SourceTitle "EXT 2022"]
[Source "ChessBase"]
[SourceDate "2021.10.06"]
[SourceVersion "1"]
[SourceVersionDate "2021.10.06"]
[SourceQuality "1"]

1. d4 Nf6 2. Nf3 g6 3. c4 Bg7 4. Nc3 d6 5. Bg5 O-O 6. e3 Nbd7 7. Be2 b6 8. O-O Bb7 9. Qc2 Qe8 10. Rfd1 e5 11. d5 h6 12. Bh4 Nh7 13. Nb5 Qb8 14. h3 Bc8 15. Ne1 f5 16. Bg3 g5 17. Nd3 a6 18. Nc3 a5 19. f3 Rf7 20. Bf2 Nhf6 21. Bg3 Ba6 22. Nf2 Qf8 23. Bd3 Nh5 24. Bh2 e4 25. fxe4 f4 26. exf4 gxf4 27. Ng4 Ne5 28. Nxe5 Bxe5 29. Rf1 Qg7 30. Rf3 Kh8 31. Raf1 Rg8 32. Kh1 Rf6 33. R3f2 Bc8 34. Be2 Ng3+ 35. Bxg3 Qxg3 36. Bf3 Bxh3 37. Qd3 Bd7 38. Ne2 Qh4+ 39. Kg1 Rfg6 40. Nd4 Qh3 41. Qd2 Bf6 42. Nf5 Bxf5 43. exf5 Qxf5 44. Re2 Qg5 45. Be4 R6g7 46. b3 Be5 47. Bf3 Qf6 48. Re4 Rg3 49. Qf2 Qg5 50. Re2 h5 51. Rfe1 h4 52. Kh2 Qh6 53. Rxe5 dxe5 54. Rxe5 h3 55. Re6 Qh4 56. Qd4+ R8g7 57. Re8+ Kh7 58. Be4+ R3g6 59. Bxg6+ Kxg6 60. Qe4+ Kg5 61. Re5+ Kh6 62. Re6+ Kh5 63. Re5+ Kh6 64. Re6+ Kh5 65. Qf5+ Qg5 66. Qxh3+ Qh4 67. Rh6+ 1-0